| 000 | 00373nam a2200121Ia 4500 | ||
|---|---|---|---|
| 008 | 220901s9999||||xx |||||||||||||| ||und|| | ||
| 082 | _a005.74 STA | ||
| 100 | _aStafford, Thomas | ||
| 245 | 4 | _aThe Database for advances in information system | |
| 250 | _aVol. 39 Issue No. 1,2,3 & 4 | ||
| 260 |
_bACM(Association Computing Machinery) _c2008 |
||
| 650 | _aDatabase Management | ||
| 999 |
_c194055 _d194055 |
||